Ecosistemas de los bosques tropicales

Saved in:
Bibliografiske detaljer
Corporate Authors: UNESCO (Author), PNUMA (Author), FAO (Author)
Format: Bog
Sprog:spansk
Udgivet: París UNESCO 1980
París CIFCA 1980
Serier:Investigaciones sobre los Recursos Naturales, 14
Fag:
Tags: Tilføj Tag
Ingen Tags, Vær først til at tagge denne postø!

MARC

LEADER 00000nam a2200000 a 4500
001 UCU6751
003 CL-VaPUC
008 960621e19800000fr |||||||||||||||||spa|d
082 0 4 |a 581.9  |b UNE  |2 21 
110 2 |a UNESCO  |e author  |9 365108 
710 2 |a PNUMA  |e author  |9 365109 
710 2 |a FAO  |e author  |9 365110 
245 1 0 |a Ecosistemas de los bosques tropicales 
300 |a 771 p 
942 |c BK 
945 |d 19960621 00:00:00  |a paguirre 
260 |a París  |b UNESCO  |c 1980 
260 |a París  |b CIFCA  |c 1980 
650 0 |a Bosques  |9 269804 
650 7 |a BOSQUES TROPICALES  |2 CL-VaPUC  |9 365111 
650 0 |a Agricultura tropical   |9 264421 
650 7 |a REGIONES TROPICALES  |2 CL-VaPUC  |9 264291 
650 0 |a Ecosistemas  |9 261477 
583 |a last modification  |c 20171220 10:35:21  |k Rodrigo Vera 
490 0 |a Investigaciones sobre los Recursos Naturales, 14 
999 |c 249569  |d 249567 
952 |0 0  |1 0  |4 0  |6 581_900000000000000_UNE_1980_1980  |7 0  |8 A  |9 266875  |a BIBING  |b BIBING  |d 2019-11-19  |i 1690906  |o 581.9 UNE 1980 1980  |p 1690906  |r 2025-01-20  |w 2019-11-19  |y BK  |k GEO